| 000 | 00581nam a22001817a 4500 | ||
|---|---|---|---|
| 005 | 20180427115552.0 | ||
| 010 | _aENG-122814 | ||
| 020 |
_a9789381033210 _c100.00 |
||
| 035 | _aEN-106346 | ||
| 037 | _bDBAD/PUB | ||
| 082 | _a230.53 | ||
| 100 | _aAlmel, Seema | ||
| 245 |
_aiGuruji : _cby Seema Almel _bInformal talks with guruji / |
||
| 260 |
_aBanglore _bMansasa Light Age Foundation _c2011 |
||
| 270 |
_aTaponagara,Chikkagubbi,(Off Hennur-Bagalur Road), _bBanglore Urban,India _e560077 |
||
| 300 |
_av5, (128p.) _c22cm(pbk) |
||
| 942 |
_2ddc _cEN _h230.53 _mALM |
||
| 999 |
_c147952 _d147952 |
||